Swann's way I

Sparad:
Bibliografiska uppgifter
Huvudupphovsman: Proust, Marcel
Materialtyp: Bok
Språk:Undetermined
Publicerad: Gran Bretaña Phoenix Library 1929
Ämnen:
Taggar: Lägg till en tagg
Inga taggar, Lägg till första taggen!

MARC

LEADER 00000nam a2200000Ia 4500
008 170316s9999 xx 000 0 und d
040 |a cru BVZT 
090 |a 840 P-21sw 
100 |a Proust, Marcel 
245 |a Swann's way I 
260 |a Gran Bretaña 
260 |b Phoenix Library 
260 |c 1929 
300 |a 302 páginas 
650 |a LITERATURA FRANCESA 
999 |c 7896  |d 7896 
942 |c 15 D  |h 840 P-21sw  |2 z